000 00304nam a22001337a 4500
020 _a817573899-6
082 _a920
_bDUA/Q
100 _aDUA,SHYAM
245 _aTHE LUMINOUS LIFE OF QUEEN ELIZABETH
260 _aDELHI
_bTINY TOT PUBLICATIONS
300 _a95
650 _aBIOGRAPHY
_zDELHI
942 _cBK
999 _c5925
_d5925